|
|
|
|
| LEADER |
01199nam a2200265 i 4500 |
| 003 |
GR-PaULI |
| 005 |
20220128103258.0 |
| 008 |
220128s2019 sz o|||f |||| 001 0 eng d |
| 952 |
|
|
|0 0
|1 0
|2 ddc
|4 0
|6 792_000000000000000_PER
|7 0
|9 355259
|a ARCH
|b ARCH
|c BSC
|d 2022-01-28
|i 013869
|l 0
|o 792 PER
|p 025000215708
|r 2022-01-28 00:00:00
|t 1
|w 2022-01-28
|y BK15
|
| 999 |
|
|
|c 208223
|d 208223
|
| 020 |
|
|
|a 9783319980584
|
| 040 |
|
|
|a GR-PaULI
|b gre
|c GR-PaULI
|e AACR2
|
| 082 |
0 |
4 |
|2 23
|a 792
|
| 245 |
0 |
0 |
|a Performance phenomenology :
|b to the thing itself /
|c Stuart Grant, Jodie McNeilly-Renaudie, Matthew Wagner editors.
|
| 260 |
|
|
|a Cham :
|b Springer International Publishing :
|b Imprint: Palgrave Macmillan,
|c c 2019.
|
| 300 |
|
|
|a xx, 337 σ. :
|b φωτ. ;
|c 22 εκ.
|
| 490 |
0 |
|
|a Performance philosophy
|
| 504 |
|
|
|a Περιλαμβάνει βιβλιογραφία και ευρετήριο.
|
| 650 |
|
4 |
|9 6505
|a Φαινομενολογία
|
| 650 |
|
4 |
|9 508
|a Θέατρο
|
| 700 |
1 |
|
|9 189785
|a Grant, Stuart
|e επιμελητής.
|
| 700 |
1 |
|
|9 189786
|a McNeilly-Renaudie, Jodie
|e επιμελήτρια.
|
| 700 |
1 |
|
|9 189787
|a Wagner, Matthew
|e συγγραφέας.
|
| 942 |
|
|
|2 ddc
|c BK15
|
| 998 |
|
|
|c ΒΑΣΙΛΕΙΟΥ
|d 2022-01
|